| 000 -ლიდერი |
| ფიქსირებული სიგრძის საკონტროლო ველი |
01302nam a2200253Ia 4500 |
| 001 - საკონტროლო ნომერი |
| საკონტროლო ველი |
2279 |
| 003 - საკონტროლო ნომრის იდენტიფიკატორი |
| საკონტროლო ველი |
GE_BSU |
| 005 - ბოლო ოპერაციის თარიღი და დრო |
| საკონტროლო ველი |
20190430120306.0 |
| 008 - ფიქსირებული სიგრძის მონაცემთა ელემენტები - ზოგადი ინფორმაცია |
| ფიქსირებული სიგრძის საკონტროლო ველი |
181216s2009||||ge |||||||||||||| ||geo|| |
| 040 ## - კატალოგიზაციის წყარო |
| Transcribing agency |
GE_BSU |
| 041 ## - ენის კოდი |
| Language code of text/sound track or separate title |
geo |
| 080 ## - უნივერსალური ათობითი კლასიფიკაციის ინდექსი |
| Universal Decimal Classification number |
616–007.43–089 ჩ-23 |
| 100 ## - მთავარი ჩანაწერი - პიროვნების სახელი |
| Personal name |
ჩართოლანი, თენგიზ. |
| 9 (RLIN) |
531 |
| 245 ## - ცნობა სათაურის შესახებ |
| Title |
ღია და ლაპარასკოპიული პროთეზირებადი თიაქარპლასტიკა / |
| Statement of responsibility, etc |
თენგიზ ჩართოლანი; [სამეც. რედაქტორები: პროფ. თენგიზ ახმეტელი, პროფ. ნოდარ ლომიძე. რედაქტორი გივი ხორბალაძე] |
| 264 ## - წარმოების, გამოცემის, დისტრიბუციის და სხვა ცნობები |
| გამოცემის, წარმოების, დისტრიბუციის... ადგილი |
თბილისი : |
| გამოცემის, წარმოების, დისტრიბუციის... სახელწოდება |
ფავორიტი, |
| გამოცემის, წარმოების, დისტრიბუციის... თარიღი |
2009 |
| 300 ## - ფიზიკური აღწერა |
| Extent |
195გვ. : |
| Other physical details |
სურ., ცხ.; |
| Dimensions |
28სმ. |
| 653 ## - INDEX TERM--UNCONTROLLED |
| Uncontrolled term |
მედიცინა |
| 653 ## - INDEX TERM--UNCONTROLLED |
| Uncontrolled term |
პროთეზირება |
| 653 ## - INDEX TERM--UNCONTROLLED |
| Uncontrolled term |
თიაქარი |
| 653 ## - INDEX TERM--UNCONTROLLED |
| Uncontrolled term |
თიაქარპლასტიკა. |
| 700 ## - ADDED ENTRY--PERSONAL NAME |
| Personal name |
ჩართოლანი, თენგიზ |
| Relator term |
ავტორი |
| 9 (RLIN) |
531 |
| 700 ## - ADDED ENTRY--PERSONAL NAME |
| Personal name |
ხორბალაძე, გივი |
| Relator term |
რედაქტორი |
| 9 (RLIN) |
532 |
| 942 ## - ADDED ENTRY ELEMENTS (KOHA) |
| Koha item type |
წიგნი |
| Source of classification or shelving scheme |
|